00254nam a2200121Ia 45000030006000000080041000060400015000471000014000622450018000762600009000945460012001030050017001150STCL150530s9999 xx 000 0 und d aSTCLcSTCL aAllen, W. aEnglish Novel c1969 aEnglish20220125170826.0